Statistiques concernant Quiz sur Pâques

Cliquez ici pour prendre le quiz!

Statistiques générales

  • Ce quiz a été pris 11 636 fois
  • Le résultat moyen est 10 sur 20

Statistiques - réponses

QuestionRéponse% Correct
La période de quarante jours avant PâquesLe Carême
93%
La veille de ce jourMardi {Gras}
90%
La semaine qui commence ce dimanche-làLa Semaine {sainte}
82%
Il a trahi Jésus pour de l'argentJudas
77%
Le jour où commence cette périodeMercredi des {Cendres}
66%
Dernier repas partagé entre Jésus et ses apôtresLa Cène
63%
Le dernier dimanche avant PâquesDimanche des {Rameaux}
59%
Ce en quoi la couronne de Jésus était faiteÉpines
58%
Les premières paroles de Jésus sur la croix : "Père, ________-____, car ils ne savent pas ce qu'ils font."Pardonne-leur
45%
Il a renié Jésus par trois foisPierre
45%
Mot signifiant "Louez Dieu" en hébreu que l'on ne prononce plus pendant cette période dans la tradition latineAlléluia
44%
Préfet romain qui a autorisé la crucifixion de JésusPonce Pilate
43%
Sacrement que Jésus a institué lors de ce repasL'Eucharistie
39%
Personne qui a trouvé le tombeau de Jésus videMarie-Madeleine
34%
Personne qui doutait de la résurrection de Jésus avant de le voirThomas
34%
Lieu où Jésus a agonisé avant son arrestationLe Jardin des {Oliviers}
26%
Nom donné à ce que Jésus a souffert avant et pendant sa mortLa Passion
24%
Prisonnier que la foule a préféré libérer plutôt que JésusBarabbas
21%
Dernières paroles de Jésus sur la croix: "Père, entre tes mains je remets ___ ______"Mon esprit
16%
Bandit crucifié en même temps que Jésus, considéré comme le premier saintLe bon {larron}
11%

Distribution des résultats

Percentile par nombre de réponses

% des personnes avec chaque résultat

Votre développement - résultats

Vous n’avez pas pris ce quiz